Movies Quiz

Random Movies or Actor Quiz

Actors' Best Movies according to Hollywood's Top 10 Quiz Stats

 Plays Quiz not verified by Sporcle

Also try: Disney Animals
Challenge
Share
Tweet
Embed
Score 0/49 Timer 13:00
0 Plays Today
Actor Movie % Correct
Leonardo DiCaprioTitanic
90.9%
Kate WinsletTitanic
90.9%
Tom HanksForrest Gump
89.3%
Sally FieldForrest Gump
89.3%
Julia RobertsPretty Woman
86.1%
Bruce WillisDie Hard
86.1%
Russell CroweGladiator
85%
Drew BarrymoreET: the Extra Terrestrial
82.4%
Kevin CostnerDances with Wolves
78.1%
Robert De NiroThe Godfather Part II
77.5%
John TravoltaGrease
77%
Sandra BullockSpeed
74.9%
Christian BaleThe Dark Knight
73.8%
Samuel L. JacksonPulp Fiction
73.8%
Marilyn MonroeSome Like It Hot
71.7%
Johnny DeppPirates of the Caribbean: The Curse of the Black Pearl
71.1%
Eddie MurphyBeverly Hills Cop
70.1%
Halle BerryMonster's Ball
69.5%
Meryl StreepSophie's Choice
67.9%
Charlie SheenPlatoon
67.4%
Sean PennMystic River
65.8%
Reese WitherspoonLegally Blonde
65.2%
Adam SandlerHappy Gilmore
65.2%
Matt DamonThe Bourne Identity
64.7%
Ben StillerMeet the Parents
63.6%
Actor Movie % Correct
Natalie PortmanLeon: The Professional
63.1%
Frank SinatraOcean's 11
63.1%
Sarah Jessica ParkerSex & the City
60.4%
Tom WilkinsonBatman Begins
57.2%
Katie HolmesBatman Begins
57.2%
Harrison FordStar Wars IV: A New Hope
56.7%
George ClooneyUp in the Air
55.6%
Burt ReynoldsSmokey & the Bandit
54.5%
Jim CarreyDumb & Dumber
54.5%
Mark WahlbergThe Departed
54.5%
Steve MartinFather of the Bride
50.8%
Gwyneth PaltrowIron Man
50.8%
Nicole KidmanMoulin Rouge!
49.7%
Nicolas CageNational Treasure
48.7%
Michael Douglas Fatal Attraction
48.7%
Antonio BanderasDesperado
48.1%
Angelina JolieChangeling
46.5%
Ben AffleckThe Town
43.9%
Brad PittInglorious Basterds
43.3%
Greg KinnearLittle Miss Sunshine
43.3%
Anne HathawayThe Devil Wears Prada
41.7%
Ryan ReynoldsThe Proposal
35.3%
Kate HudsonHow to Lose a Guy in 10 Days
31.6%
Dennis QuaidThe Rookie
27.3%

You're not logged in!

Compare scores with friends on all Sporcle quizzes.
OR
Log In

You Might Also Like...

Show Comments

Extras

Top Quizzes Today


Score Distribution

Your Account Isn't Verified!

In order to create a playlist on Sporcle, you need to verify the email address you used during registration. Go to your Sporcle Settings to finish the process.

Report this User

Report this user for behavior that violates our Community Guidelines.

Details: